[Event "Washington Open Championship"]
[Site "Lynnwood, WA"]
[Date "2015.05.24"]
[Round "3"]
[White "Menkov Artjom  (WA)"]
[Black "Peng Brandon  (WA)"]
[Result "1-0"]
[WhiteElo "1504"]
[BlackElo "1131"]
[Annotator ""]
[Source ""]
[Remark "Reserve -- Two Day"]

1.e4 d5 2.exd5 Nf6 3.d4 Nxd5 4.c4 Nf6 5.Nc3 g6 6.Nf3 Bg7 7.Be2
O-O 8.O-O b6 9.Be3 Bb7 10.Qd2 Qd6 11.Nb5 Qd7 12.Ne5 Qd8 13.f3
a6 14.Nc3 Nc6 15.Nxc6 Bxc6 16.d5 Bb7 17.Bh6 Qd6 18.Bxg7 Kxg7
19.Kh1 e6 20.Ne4 Nxe4 21.fxe4 exd5 22.exd5 c6 23.Qd4+ Kg8 24.Qxb6
Rab8 25.Bf3 Qd7 26.dxc6 Bxc6 27.Qxc6 Qxc6 28.Bxc6 Rxb2 29.h3
Re8 30.Bxe8 Rc2 31.Bxf7+ Kg7 32.Bd5 a5 33.Rf7+ Kh6 34.Ra7 g5
35.Rxa5 Kh5 36.Re1 Kh4 37.Re4+ Kh5 38.Ra6 Rf2 39.Kg1 Rf8 40.g4+
Kh4 41.Kg2 h5 42.Rh6 Rf2+ 43.Kxf2 Kxh3 44.Rxh5# 1-0

[Event "Washington Open Championship"]
[Site "Lynnwood, WA"]
[Date "2015.05.24"]
[Round "2"]
[White "Yu Justin  (WA)"]
[Black "Pupols Viktors  (WA)"]
[Result "1/2-1/2"]
[WhiteElo "1965"]
[BlackElo "2207"]
[Annotator ""]
[Source ""]
[Remark "Open -- Two Day"]

1.e4 e6 2.d3 d5 3.Nd2 c5 4.Ngf3 Nc6 5.g3 Nf6 6.Bg2 Be7 7.O-O
O-O 8.Re1 b5 9.e5 Ne8 10.Nf1 Nc7 11.h4 b4 12.N1h2 Nb5 13.Ng5
Qe8 14.Qh5 h6 15.Ng4 f5 16.Nxh6+ gxh6 17.Qxh6 Bxg5 18.Qxg5+ Kh7
19.Qh6+ Kg8 20.Bf3 Qf7 21.Bg5 Qh7 22.Qxh7+ Kxh7 23.Bh5 Bd7 24.f4
a5 25.Kf2 a4 26.g4 Be8 27.Bxe8 Raxe8 28.gxf5 Ncd4 29.fxe6 Nxc2
30.e7 Rf5 31.Kg3 Nxa1 32.Kg4 Nd4 33.Rxa1 Rf7 34.Rc1 Rg7 35.f5
Rf7 36.f6 Ne6 37.d4 c4 38.Bd2 Rg8+ 39.Kh3 Nxd4 40.Rg1 Re8 41.Rf1
Rexe7 42.fxe7 Rxe7 43.Bxb4 Rxe5 44.Bc3 Re3+ 45.Kg4 Re4+ 46.Kh5
Kg8 47.Rd1 Ne6 48.Rg1+ Kf7 49.Rf1+ Ke8 50.Bf6 1/2-1/2

[Event "Washington Open Championship"]
[Site "Lynnwood, WA"]
[Date "2015.05.24"]
[Round "2"]
[White "Roback Joe  (CAN)"]
[Black "Villavieja Butch  (CAN)"]
[Result "0-1"]
[WhiteElo "2046"]
[BlackElo "2169"]
[Annotator ""]
[Source ""]
[Remark "Open -- Two Day"]

1.e4 e5 2.Nf3 Nc6 3.Bb5 a6 4.Ba4 Nf6 5.O-O Be7 6.d3 b5 7.Bb3
O-O 8.c3 d5 9.Nbd2 Bc5 10.h3 Re8 11.Re1 h6 12.Nf1 Be6 13.Qe2
Qd7 14.Ng3 Rad8 15.Bc2 Bb6 16.Kh2 Qd6 17.Kg1 Qd7 18.Kh2 a5 19.Nh4
Ne7 20.Qf3 Ng4+ 21.Kh1 Nxf2+ 22.Kh2 dxe4 23.dxe4 Bxh3 24.Nh1
Bg4 25.Qg3 Nxh1 26.Kxh1 g5 27.Nf3 Bxf3 28.Qxf3 Ng6 29.Bb3 Kg7
30.Rf1 Nf4 31.Kh2 a4 32.Bc2 Qc8 33.b3 axb3 34.axb3 Rd6 35.Rd1
Red8 36.Bb2 Rd2 37.Rac1 Rxg2+ 38.Kh1 Rg4 39.Rd4 Rh4+ 40.Kg1 Rh3
41.Qd1 Rg3+ 42.Kf2 Rg2+ 43.Ke3 Qh3+ 0-1

[Event "Washington Open Championship"]
[Site "Lynnwood, WA"]
[Date "2015.05.24"]
[Round "2"]
[White "Tafalla Gabriel  (WA)"]
[Black "Sinanan Joshua  (WA)"]
[Result "0-1"]
[WhiteElo "1940"]
[BlackElo "2271"]
[Annotator ""]
[Source ""]
[Remark "Open -- Two Day"]

1.e4 c5 2.Nf3 e6 3.d4 cxd4 4.Nxd4 Nc6 5.c4 Nf6 6.Nc3 Bb4 7.f3
O-O 8.Be3 d5 9.exd5 exd5 10.Nc2 Re8 11.Kf2 Rxe3 12.Nxe3 Bc5 13.Ncxd5
Nxd5 14.Qxd5 Qb6 15.Re1 Be6 16.Qe4 Qxb2+ 17.Re2 Qc3 18.Re1 Rd8
19.Be2 Rd2 20.Rd1 Rxa2 21.Rhe1 g6 22.Rc1 Qa3 23.Qf4 h5 24.Red1
Qb2 25.Re1 Ra3 26.Rb1 Qd2 0-1

[Event "Washington Open Championship"]
[Site "Lynnwood, WA"]
[Date "2015.05.24"]
[Round "2"]
[White "Tiglon Jeffrey  (WA)"]
[Black "Qian Daniel  (WA)"]
[Result "0-1"]
[WhiteElo "1255"]
[BlackElo "1944"]
[Annotator ""]
[Source ""]
[Remark "Booster -- Two Day"]

1.e4 e5 2.Nf3 Nc6 3.Bb5 a6 4.Ba4 Bc5 5.O-O d6 6.d4 exd4 7.Nxd4
Bd7 8.Nxc6 Bxc6 9.Bxc6+ bxc6 10.Qg4 Qf6 11.Nc3 Ne7 12.Bg5 Qg6
13.Qf4 Qe6 14.Rfe1 O-O 15.e5 Ng6 16.Qa4 Qf5 17.Be3 Bxe3 18.Rxe3
Nxe5 19.Rae1 Qd7 20.Rd1 c5 21.Qh4 Qg4 22.Qe7 Rac8 23.Rg3 Rfe8
24.Qxe5 Qxd1+ 25.Nxd1 Rxe5 26.Ne3 Rb8 27.b3 d5 28.h3 d4 29.Nc4
Re1+ 30.Kh2 Re2 31.a4 Rxc2 32.Na5 Rc3 33.Rg5 d3 34.Rd5 f6 35.Rd7
Kf8 36.Rd5 Kf7 37.Nc6 Rbxb3 38.Rd8 Rc2 39.Rxd3 Rxd3 0-1

[Event "Washington Open Championship"]
[Site "Lynnwood, WA"]
[Date "2015.05.24"]
[Round "2"]
[White "Hendricks David  (WA)"]
[Black "Menkov Artjom  (WA)"]
[Result "1-0"]
[WhiteElo "1672"]
[BlackElo "1504"]
[Annotator ""]
[Source ""]
[Remark "Reserve -- Two Day"]

1.d4 Nf6 2.Bf4 e6 3.e3 Nc6 4.Nf3 Be7 5.h3 b6 6.Nbd2 Bb7 7.c3
O-O 8.Bd3 h6 9.O-O d6 10.Qe2 Nd7 11.e4 e5 12.dxe5 Ndxe5 13.Nxe5
Nxe5 14.Bxe5 dxe5 15.Nf3 Bd6 16.Rad1 Qf6 17.Bc4 Rad8 18.Rd2 Qf4
19.Re1 Kh8 20.g3 Qf6 21.Red1 Qg6 22.Nxe5 Qxe4 23.Qxe4 Bxe4 24.Nxf7+
Rxf7 25.Bxf7 Rf8 26.Re1 Bf5 27.Re8 Rxe8 28.Bxe8 Kh7 29.g4 Be6
30.b3 Be5 31.Re2 Bxb3 32.Rxe5 Bxa2 33.Re7 a5 34.Rxc7 Bb3 35.Rb7
a4 36.Rxb6 Bc2 37.Ra6 Be4 38.Rxa4 Bd5 39.c4 Be4 40.c5 Bd5 41.c6
Be6 42.Bd7 1-0

[Event "Washington Open Championship"]
[Site "Lynnwood, WA"]
[Date "2015.05.24"]
[Round "3"]
[White "Zhang Kyle  (WA)"]
[Black "Soetedjo Christopher  (WA)"]
[Result "1-0"]
[WhiteElo "1082"]
[BlackElo "754"]
[Annotator ""]
[Source ""]
[Remark "Booster -- Two Day"]

1.e4 e5 2.Nf3 Nc6 3.Nc3 Nf6 4.Bc4 Bb4 5.d3 d6 6.h3 h6 7.Be3 O-O
8.a3 Bxc3+ 9.bxc3 Be6 10.Ba2 d5 11.exd5 Bxd5 12.O-O Bxa2 13.Rxa2
Qd5 14.Rb2 b6 15.Re1 Rfe8 16.Nd2 b5 17.Qf3 e4 18.Nxe4 Nxe4 19.dxe4
Rxe4 20.Rxb5 Qc4 21.Rb3 Rae8 22.Rd1 Ne5 23.Qg3 Ng6 24.Rd3 f5
25.Qxg6 f4 26.Bxf4 Re1+ 27.Kh2 Qxf4+ 28.Qg3 Qc1 29.Qf3 Rh1+ 30.Kg3
Rf8 31.Qd5+ Kh8 32.Rf3 1-0

[Event "Washington Open Championship"]
[Site "Lynnwood, WA"]
[Date "2015.05.24"]
[Round "3"]
[White "Qian Daniel  (WA)"]
[Black "Munkh-Erdene Munkhbileg  (WA)"]
[Result "0-1"]
[WhiteElo "1255"]
[BlackElo "1312"]
[Annotator ""]
[Source ""]
[Remark "Booster -- Two Day"]

1.c4 Nf6 2.Nc3 g6 3.g3 Bg7 4.Bg2 d6 5.e3 Bf5 6.Bxb7 Nbd7 7.Bxa8
Qxa8 8.f3 Ne5 9.Nb5 Qc6 10.Nd4 Qxc4 11.Qe2 Nd3+ 12.Kd1 Bd7 13.b3
Ba4 14.bxa4 Nd5 15.Rb1 Bxd4 16.exd4 Kd7 17.Ba3 Qxd4 18.Nh3 Rb8
19.Rxb8 Qa1+ 20.Kc2 Qxa2+ 21.Kxd3 Qxa3+ 22.Kd4 e5+ 23.Qxe5 dxe5+
24.Kxe5 Qd6+ 25.Ke4 f5+ 26.Kd3 Nf4+ 27.Ke3 Qe5+ 28.Kf2 Qe2+ 0-1

[Event "Washington Open Championship"]
[Site "Lynnwood, WA"]
[Date "2015.05.24"]
[Round "3"]
[White "Sinanan Joshua  (WA)"]
[Black "Bragg David  (WA)"]
[Result "1-0"]
[WhiteElo "2271"]
[BlackElo "2200"]
[Annotator ""]
[Source ""]
[Remark "Open -- Two Day"]

1.Nf3 b6 2.c4 Nf6 3.Nc3 Bb7 4.e3 e6 5.b3 g6 6.Bb2 Bg7 7.Be2 O-O
8.Qc2 d6 9.d4 a6 10.O-O Nbd7 11.b4 c5 12.dxc5 bxc5 13.a3 Qc7
14.Qb3 cxb4 15.axb4 Rab8 16.Rfd1 Rfc8 17.Nd2 d5 18.c5 Ne5 19.Na4
Nfd7 20.Rac1 Nc6 21.Bxg7 Kxg7 22.Qa3 Rd8 23.Rb1 Na7 24.Nb3 Nb5
25.Bxb5 axb5 26.Nc3 Bc6 27.Qb2 Ne5 28.Ne2 f6 29.Nf4 Kf7 30.Nd4
Bd7 31.Qe2 1-0

[Event "Washington Open Championship"]
[Site "Lynnwood, WA"]
[Date "2015.05.24"]
[Round "3"]
[White "Mathews Daniel  (WA)"]
[Black "Yu Allistair  (WA)"]
[Result "0-1"]
[WhiteElo "1691"]
[BlackElo "1583"]
[Annotator ""]
[Source ""]
[Remark "Reserve -- Two Day"]

1.d4 d5 2.Nf3 Nf6 3.g3 Bf5 4.Bg2 e6 5.Nc3 c5 6.e3 Nc6 7.O-O Be7
8.Re1 O-O 9.Nh4 Bg6 10.Nxg6 fxg6 11.h3 Qd7 12.Ne2 Bd6 13.b3 e5
14.dxc5 Bxc5 15.Bb2 Rad8 16.a3 e4 17.b4 Bb6 18.Qd2 Qf7 19.Bxf6
Qxf6 20.Nf4 Qf7 21.g4 g5 22.Nh5 Ne5 23.Qe2 Bc7 24.Ng3 Nf3+ 25.Bxf3
exf3 0-1

[Event "Washington Open Championship"]
[Site "Lynnwood, WA"]
[Date "2015.05.24"]
[Round "3"]
[White "Colasurdo James  (WA)"]
[Black "Bashkansky Naomi (WA)"]
[Result "1-0"]
[WhiteElo "2047"]
[BlackElo "1748"]
[Annotator ""]
[Source ""]
[Remark "Open -- Two Day"]

1.d4 d5 2.c4 dxc4 3.e4 e5 4.d5 Bc5 5.Nc3 Ne7 6.Bxc4 Ng6 7.Nf3
O-O 8.Bg5 f6 9.Be3 Bxe3 10.fxe3 Kh8 11.h4 Nd7 12.h5 Ne7 13.Nh4
Nb6 14.Ng6+ Nxg6 15.hxg6 h6 16.Bd3 Qd7 17.Rh4 Rd8 18.Qf3 a6 19.O-O-O
Qe8 20.Qg3 Bd7 21.Rdh1 Qf8 22.Nd1 Nc8 23.Nf2 Ne7 24.Be2 Ng8 25.Bg4
Bxg4 26.Nxg4 a5 27.R1h3 a4 28.Qh2 a3 29.Nxh6 axb2+ 30.Kb1 gxh6
31.Rxh6+ Qxh6 32.Rxh6+ Kg7 33.Rh7+ Kf8 34.Rf7+ Ke8 35.Qh8 Rxa2
36.Qxg8# 1-0

[Event "Washington Open Championship"]
[Site "Lynnwood, WA"]
[Date "2015.05.24"]
[Round "3"]
[White "Jiang Andrew  (WA)"]
[Black "Bodge Nicholas  (WA)"]
[Result "1-0"]
[WhiteElo "707"]
[BlackElo "1002"]
[Annotator ""]
[Source ""]
[Remark "Booster -- Two Day"]

1.e4 c6 2.d4 d5 3.e5 Bf5 4.Nf3 e6 5.Bd3 Bxd3 6.Qxd3 c5 7.c3 Nc6
8.Be3 cxd4 9.cxd4 Rc8 10.a3 Qb6 11.b3 Na5 12.Nbd2 Bxa3 13.O-O
Bb4 14.Rfc1 Rxc1+ 15.Rxc1 Ne7 16.Bg5 Nec6 17.h3 O-O 18.Bh4 Bxd2
19.Nxd2 Nxd4 20.Be7 Re8 21.Bc5 Ndxb3 22.Bxb6 Nxc1 23.Qb5 Nc6
24.Bxa7 g6 25.Qxb7 Nxe5 26.Bd4 Ne2+ 27.Kh2 Nxd4 28.f4 Nec6 29.Qb2
Nf5 30.Nf3 Rd8 31.g4 Nd6 32.Qf6 Kf8 {'time'} 1-0

[Event "Washington Open Championship"]
[Site "Lynnwood, WA"]
[Date "2015.05.24"]
[Round "3"]
[White "Campbell Tim  (WA)"]
[Black "Buck Stephen  (WA)"]
[Result "1-0"]
[WhiteElo "1713"]
[BlackElo "1735"]
[Annotator ""]
[Source ""]
[Remark "Premier -- Two Day"]

1.e4 c5 2.Nf3 d6 3.d4 cxd4 4.Nxd4 Nf6 5.Nc3 a6 6.Bc4 e6 7.Be3
Be7 8.f4 Qc7 9.Bb3 O-O 10.Qd2 Nc6 11.O-O-O Nxd4 12.Bxd4 b5 13.Bxf6
Bxf6 14.Qxd6 Qxd6 15.Rxd6 Bxc3 16.bxc3 Bb7 17.Rd4 Rfd8 18.Rhd1
Rxd4 19.Rxd4 Kf8 20.c4 bxc4 21.Rxc4 Rc8 22.Rxc8+ Bxc8 23.Kd2
Ke7 24.Ke3 Kd6 25.Kd4 f6 26.e5+ Kc6 27.c4 Kb6 28.g4 fxe5+ 29.Kxe5
Kc5 30.g5 a5 31.h4 Bd7 32.Bd1 a4 33.Bg4 Kxc4 34.Bxe6+ Bxe6 35.Kxe6
Kc3 36.f5 Kb2 37.f6 gxf6 38.gxf6 1-0

[Event "Washington Open Championship"]
[Site "Lynnwood, WA"]
[Date "2015.05.24"]
[Round "3"]
[White "Villavieja Butch  (CAN)"]
[Black "Feng Roland  (WA)"]
[Result "0-1"]
[WhiteElo "2238"]
[BlackElo "2345"]
[Annotator ""]
[Source ""]
[Remark "Open -- Two Day"]

1.e4 e6 2.d4 d5 3.Nc3 Nf6 4.Bg5 Be7 5.e5 Nfd7 6.h4 Bxg5 7.hxg5
Qxg5 8.Nh3 Qe7 9.Qg4 g6 10.Ng5 h5 11.Qg3 Nc6 12.O-O-O Nb6 13.Rh4
Bd7 14.Rf4 h4 15.Qg4 Rh5 16.Rf6 O-O-O 17.Nxf7 Rg8 18.Bd3 h3 19.gxh3
Nd8 20.Nxd8 Rxd8 21.Bxg6 Rh6 22.Rf7 Qb4 23.a3 Qa5 24.Bd3 c5 25.dxc5
Qxc5 26.Bf1 Be8 27.Qg7 Bxf7 28.Qxh6 Qxf2 29.Bd3 Bg8 30.Rf1 Qc5
31.Nb5 Nc4 32.a4 Nxe5 33.Bh7 Bxh7 34.Qxh7 a6 35.Nc3 Kb8 36.Qh4
Nc6 37.Qf2 d4 38.Kb1 Qc4 39.Qe2 Qb4 40.Na2 Qe7 41.Qc4 Rd5 42.Re1
Qd6 43.Nc1 Ne5 44.Qe2 Qb4 45.Nd3 Nxd3 46.cxd3 e5 47.Rc1 Qxa4
{remainder of the game unrecorded due to low time.} 0-1

[Event "Washington Open Championship"]
[Site "Lynnwood, WA"]
[Date "2015.05.23"]
[Round "2"]
[White "Kypriotakis Kyriakos  (OR)"]
[Black "Michailov George  (WA)"]
[Result "0-1"]
[WhiteElo "816"]
[BlackElo "1183"]
[Annotator ""]
[Source ""]
[Remark "Booster"]

1.e4 c5 2.d4 cxd4 3.c3 d5 4.exd5 Qxd5 5.Qxd4 Qxd4 6.cxd4 Bf5
7.Nf3 Nf6 8.Nc3 Nc6 9.d5 Nb4 10.Bb5+ Bd7 11.O-O Bxb5 12.Nxb5
Nbxd5 13.Bf4 a6 14.Nbd4 Nxf4 15.Rac1 N6d5 16.Rfd1 e6 17.Ng5 h6
18.Ngxe6 fxe6 19.Nxe6 Kf7 20.Nc7 Rc8 21.Nxd5 Rxc1 22.Rxc1 Nxd5
23.Rd1 Nf6 24.Rd7+ Nxd7 0-1

[Event "Washington Open Championship"]
[Site "Lynnwood, WA"]
[Date "2015.05.23"]
[Round "2"]
[White "Haining Kyle  (WA)"]
[Black "Miller Travis  (AK)"]
[Result "1/2-1/2"]
[WhiteElo "2139"]
[BlackElo "1566"]
[Annotator ""]
[Source ""]
[Remark "Open"]

1.c4 g6 2.Nc3 Bg7 3.g3 Nf6 4.Bg2 O-O 5.e4 d6 6.Nge2 c5 7.d4 cxd4
8.Nxd4 Ng4 9.h3 Ne5 10.b3 Qa5 11.Bb2 Nbd7 12.O-O Nc5 13.Nd5 Qd8
14.Bc3 a5 15.a3 e6 16.Ne3 Qb6 17.b4 axb4 18.axb4 Na6 19.Ndc2
Rb8 1/2-1/2

[Event "Washington Open Championship"]
[Site "Lynnwood, WA"]
[Date "2015.05.23"]
[Round "2"]
[White "Richards Jerrold  (WA)"]
[Black "Dietz Arliss  (OR)"]
[Result "1-0"]
[WhiteElo "1446"]
[BlackElo "1534"]
[Annotator ""]
[Source ""]
[Remark "Reserve"]

1.c4 c6 2.g3 Nf6 3.Bg2 d5 4.cxd5 cxd5 5.Nf3 Nc6 6.d4 Bg4 7.Nc3
e6 8.Bf4 Bxf3 9.Bxf3 a6 10.O-O Bd6 11.Bxd6 Qxd6 12.a3 O-O 13.e3
b5 14.b4 Rac8 15.Rc1 Rc7 16.e4 dxe4 17.Nxe4 Nxe4 18.Bxe4 Ne7
19.Rc5 Rd8 20.Rxc7 Qxc7 21.Qd2 Rc8 22.Rd1 Qc4 23.Qf4 Nd5 24.Qe5
Nf6 25.Bb7 Qb3 26.Bxc8 Qxd1+ 27.Kg2 Qa4 28.Qb8 g6 29.Bxe6+ Kg7
30.Qc7 Kh6 31.Qxf7 Nh5 32.Qf8+ Ng7 33.Qf4+ g5 34.Qf6+ 1-0

[Event "Washington Open Championship"]
[Site "Lynnwood, WA"]
[Date "2015.05.23"]
[Round "2"]
[White "Kannan Aditya  (WA)"]
[Black "Carpenter Romie  (MT)"]
[Result "1/2-1/2"]
[WhiteElo "1664"]
[BlackElo "1800"]
[Annotator ""]
[Source ""]
[Remark "Premier"]

1.e4 Nf6 2.e5 Nd5 3.d4 d6 4.c4 Nb6 5.f4 g6 6.Be3 Bg7 7.Nf3 Bg4
8.Nbd2 O-O 9.h3 Bxf3 10.Nxf3 N8d7 11.Be2 c5 12.dxc5 Nxc5 13.Bxc5
dxc5 14.O-O e6 15.Qc2 Qc7 16.Ng5 Rad8 17.Rad1 Nc8 18.Ne4 Rxd1
19.Rxd1 Rd8 20.b3 Bf8 21.Rd2 Ne7 22.Nd6 Nc6 23.Nb5 Qa5 24.Rxd8
Qxd8 25.Qd3 Qxd3 26.Bxd3 a6 27.Nc3 Be7 28.Kf2 f5 29.exf6 Bxf6
30.Ne4 Bd4+ 31.Kf3 e5 32.g3 exf4 33.gxf4 Nd8 34.Nd6 Kf8 35.Ke4
Ke7 {Some moves seem to be missing here, as the notation next gives 36. Nb6  Kc6.  That is soon followed with a 3-fold repetition.}
 1/2-1/2

[Event "Washington Open Championship"]
[Site "Lynnwood, WA"]
[Date "2015.05.23"]
[Round "2"]
[White "Dixon Dakota  (WA)"]
[Black "Sohal Tanraj  (CAN)"]
[Result "0-1"]
[WhiteElo "2137"]
[BlackElo "2347"]
[Annotator ""]
[Source ""]
[Remark "Open"]

1.d4 d5 2.c4 e6 3.Nc3 c6 4.Nf3 dxc4 5.e3 b5 6.a4 Bb4 7.Bd2 a5
8.axb5 Bxc3 9.Bxc3 cxb5 10.b3 Bb7 11.bxc4 b4 12.Bb2 Nf6 13.Bd3
O-O 14.O-O Nbd7 15.Re1 Ne4 16.Nd2 Nxd2 17.Qxd2 Qc7 18.f4 f5 19.Qc2
Nf6 20.d5 exd5 21.Bxf5 dxc4 22.Be6+ Kh8 23.Qxc4 Qxc4 24.Bxc4
a4 25.Be5 Rfc8 26.Bb5 Rc2 27.Re2 Rxe2 28.Bxe2 Be4 29.Bb5 a3 30.Bd6
a2 31.Bxb4 Rb8 32.Bd6 Rxb5 33.Rxa2 Ng4 34.Kf1 Nxe3+ 35.Kf2 Nc4
36.Re2 0-1

[Event "Washington Open Championship"]
[Site "Lynnwood, WA"]
[Date "2015.05.23"]
[Round "2"]
[White "Rengarao Thyada, Paramesh B  (CA)"]
[Black "Haining Karen  (WA)"]
[Result "0-1"]
[WhiteElo "913"]
[BlackElo "1069"]
[Annotator ""]
[Source ""]
[Remark "Booster"]

1.e4 e5 2.d4 exd4 3.Qxd4 Nc6 4.Qa4 d6 5.Nf3 Bd7 6.Nc3 g6 7.Bc4
Bg7 8.Qb3 Qe7 9.O-O Nf6 10.Re1 O-O 11.Nd5 Qd8 12.Bg5 Ne5 13.Nxe5
dxe5 14.Bxf6 Bxf6 15.Qf3 Bg7 16.Rad1 Be6 17.Bb3 c6 18.Ne3 Qc8
19.h3 Qe8 20.Ng4 Qe7 21.g3 h5 22.Ne3 Bxh3 23.Ng2 Bg4 24.Qe3 Bxd1
25.Rxd1 Rfd8 26.Re1 Qb4 27.Qg5 Qd6 28.Nh4 Qf6 29.Qe3 Qd6 30.c3
Qd2 31.Nxg6 Qxe3 32.Rxe3 Rd2 33.Rf3 Rd7 34.Rf5 Kh7 35.Nh4 Kh6
36.Bd1 Rxd1+ 37.Kg2 f6 38.f3 Rd2+ 39.Kh3 Rxb2 40.g4 hxg4+ 41.fxg4
Kh7 42.Rh5+ Kg8 43.Ng6 Kf7 44.Nh4 Rh8 45.Nf5 b6 46.a4 Rc2 47.c4
Ra2 48.Kg3 Rxh5 49.gxh5 Rxa4 50.h6 Bh8 51.Kh4 Kg6 52.Kg4 Rxc4
53.Kf3 a5 54.Ke3 a4 55.Kd3 Rc5 0-1

[Event "Washington Open Championship"]
[Site "Lynnwood, WA"]
[Date "2015.05.23"]
[Round "2"]
[White "Rajesh Anirudh  (WA)"]
[Black "Ryan Stephen  (WA)"]
[Result "0-1"]
[WhiteElo "1007"]
[BlackElo "1288"]
[Annotator ""]
[Source ""]
[Remark "Booster"]

1.d4 e6 2.e4 d5 3.e5 c5 4.c3 Qb6 5.Nf3 Bd7 6.Be2 Bb5 7.O-O Bxe2
8.Qxe2 Nc6 9.Rd1 Rc8 10.b3 cxd4 11.cxd4 Nge7 12.Bb2 Nf5 13.Qd2
Be7 14.Nc3 a6 15.Ne2 O-O 16.Nf4 Nb4 17.Nh5 Rc2 18.Qf4 Rxb2 19.Qg4
Rc8 20.Nf6+ Kh8 21.Ng5 Nh6 22.Qh5 gxf6 23.exf6 Bf8 24.Nxf7+ Nxf7
25.Qxf7 Qc7 26.Qxe6 Qf4 27.Rf1 Rc6 28.Qe1 Rxf6 29.Rc1 Nd3 30.Qe3
Nxc1 31.Qxc1 Qxc1 32.Rxc1 Rfxf2 33.Kh1 Rxg2 34.Rc8 Rgf2 35.Kg1
Rf7 36.Rc1 Bh6 37.Re1 Bf4 38.Re8+ Kg7 39.Re1 Bxh2+ 40.Kh1 Bg3
41.Rg1 Rh2# 0-1

[Event "Washington Open Championship"]
[Site "Lynnwood, WA"]
[Date "2015.05.23"]
[Round "2"]
[White "Louie Henry  (CA)"]
[Black "Cohen Jed  (WA)"]
[Result "1/2-1/2"]
[WhiteElo "1539"]
[BlackElo "1391"]
[Annotator ""]
[Source ""]
[Remark "Reserve"]

1.Nf3 d5 2.c4 c6 3.g3 Nf6 4.Bg2 e6 5.O-O b6 6.Qc2 Bb7 7.d3 Nbd7
8.Nc3 Be7 9.b3 O-O 10.e4 dxe4 11.dxe4 e5 12.Rd1 Qc7 13.Bb2 Rad8
14.Nh4 Ne8 15.Nf5 Ndf6 16.Nxe7+ Qxe7 17.a4 Nc7 18.Ba3 c5 19.Bb2
Ne6 20.Nd5 Bxd5 21.exd5 Nd4 22.Bxd4 exd4 23.Re1 Qd6 24.Qd2 Rfe8
25.h3 Qd7 26.Qf4 h6 27.g4 Qd6 28.Rxe8+ Nxe8 29.Qxd6 Nxd6 30.Re1
Re8 31.Kf1 Rxe1+ 32.Kxe1 Kf8 33.Kd2 Ke7 34.Kd3 g5 35.Bf1 f6 36.f3
a5 37.Kd2 Kf7 38.Bd3 Ke7 39.Ke2 Nf7 40.Be4 Ne5 41.Bf5 Nf7 42.Bd3
Nd6 43.Bg6 Kf8 44.Bd3 Ke7 45.Bg6 Kf8 1/2-1/2

[Event "Washington Open Championship"]
[Site "Lynnwood, WA"]
[Date "2015.05.23"]
[Round "2"]
[White "Sweeden Holden  (WA)"]
[Black "Brokaw Benjamin  (WA)"]
[Result "1-0"]
[WhiteElo "1659"]
[BlackElo "1097"]
[Annotator ""]
[Source ""]
[Remark "Booster"]

1.e4 e5 2.Nf3 Nc6 3.Bc4 Nf6 4.d3 Bc5 5.O-O d6 6.a3 Bg4 7.c3 O-O
8.Nbd2 a5 9.h3 Be6 10.Re1 Qe7 11.Bxe6 fxe6 12.Nf1 Rad8 13.Be3
d5 14.Qc2 d4 15.Bg5 h6 16.Bh4 g5 17.Bg3 Nd7 18.N1h2 Qg7 19.Qb3
h5 20.h4 dxc3 21.bxc3 gxh4 22.Bxh4 Rb8 23.Qxe6+ Qf7 24.Qxf7+
Rxf7 25.Ng5 Rf4 26.Nhf3 Be7 27.g3 Rff8 28.Kg2 Nc5 29.d4 exd4
30.cxd4 Nb3 31.Rad1 Bxa3 32.Ne6 Rf7 33.d5 Ne7 34.Ne5 Rh7 35.Nd7
Bb4 36.Re3 Nxd5 37.Rxd5 c6 38.Rg5+ Kf7 39.Nxb8 Kxe6 40.Rxb3 Rh8
41.Rg6+ Kf7 42.Rf6+ Kg7 43.Nd7 Be7 44.Rxb7 Rc8 45.Ne5 Kg8 46.Rxe7
c5 47.Rff7 c4 48.Rg7+ Kf8 49.Ng6# 1-0

[Event "Washington Open Championship"]
[Site "Lynnwood, WA"]
[Date "2015.05.23"]
[Round "2"]
[White "Baxter Brent  (WA)"]
[Black "Yeo Noah  (WA)"]
[Result "1-0"]
[WhiteElo "1935"]
[BlackElo "1775"]
[Annotator ""]
[Source ""]
[Remark "Premier"]

1.b3 e5 2.Bb2 Nc6 3.e3 Bc5 4.Nf3 d6 5.d4 exd4 6.exd4 Bb4+ 7.c3
Ba5 8.b4 Bb6 9.d5 Nce7 10.c4 Nf6 11.Bd3 Ng6 12.Qe2+ Qe7 13.Bxf6
Qxe2+ 14.Bxe2 gxf6 15.Nc3 Bf5 16.Na4 Kf8 17.Nxb6 axb6 18.Nd4
Bd7 19.g3 Re8 20.Kd2 Kg7 21.Rhe1 Re7 22.f4 c5 23.Nb3 Ra8 24.b5
Nf8 25.a4 Bc8 26.Ra3 h6 27.Rea1 Nh7 28.Bd3 f5 29.a5 bxa5 30.Rxa5
Rxa5 31.Rxa5 b6 32.Ra8 Rc7 33.Rb8 Nf6 34.Rxb6 Rd7 35.Bxf5 Rc7
36.Bxc8 Rxc8 37.Kd3 Ne8 38.Na5 Kf8 39.Nc6 Ra8 40.Ra6 Nc7 41.Ra7
Rxa7 42.Nxa7 Ke8 43.g4 Na8 44.h4 Nb6 45.Nc6 Kf8 46.Nd8 Ke7 47.Nb7
Kd7 48.g5 h5 49.f5 Ke7 50.Na5 f6 51.g6 Nc8 52.Nb3 Kf8 53.Nd2
Kg8 54.Ne4 Kg7 55.Ng3 Kh6 56.Nxh5 Kxh5 57.g7 Ne7 58.b6 1-0

[Event "Washington Open Championship"]
[Site "Lynnwood, WA"]
[Date "2015.05.23"]
[Round "2"]
[White "Frostad John  (WA) "]
[Black "Deng Samuel  (WA)"]
[Result "1/2-1/2"]
[WhiteElo "1592"]
[BlackElo "1266"]
[Annotator ""]
[Source ""]
[Remark "Reserve"]

1.e4 c6 2.d4 d5 3.Nc3 dxe4 4.Nxe4 Nd7 5.Nf3 Ngf6 6.Nxf6+ Nxf6
7.Be2 Bg4 8.Bf4 e6 9.O-O Be7 10.c3 O-O 11.h3 Bxf3 12.Bxf3 Nd5
13.Bh2 Bd6 14.Bxd6 Qxd6 15.Be4 Rad8 16.Re1 Nf6 17.Bf3 Qc7 18.Qb3
Rd7 19.Re5 Rfd8 20.Rae1 Nd5 21.Qc2 b5 22.Be4 g6 23.Bf3 c5 24.dxc5
Qxc5 25.Qe4 Qc8 26.Qg4 Nf6 27.Qg5 Nd5 28.Qg4 Nf6 29.Qg5 Nd5 30.Qg3
a5 31.h4 b4 32.Bxd5 Rxd5 33.cxb4 axb4 34.Qb3 Rxe5 35.Rxe5 Qc1+
36.Kh2 Qf4+ 37.Qg3 Qxg3+ 38.Kxg3 Rd2 39.b3 Rd5 40.Re2 e5 41.Kf3
f5 42.g3 Kf7 43.Rc2 Ke6 44.Ke2 Kd6 45.Rc8 Rb5 46.Rd8+ Ke6 47.Rc8
Kd6 48.Rd8+ Ke6 49.Rc8 Kd6 1/2-1/2

[Event "Washington Open Championship"]
[Site "Lynnwood, WA"]
[Date "2015.05.23"]
[Round "2"]
[White "Vijavakumar Advaith  (WA)"]
[Black "Haining Breck  (WA)"]
[Result "0-1"]
[WhiteElo "783"]
[BlackElo "1311"]
[Annotator ""]
[Source ""]
[Remark "Booster"]

1.d4 g6 2.e4 Bg7 3.Nf3 d6 4.Be3 Nf6 5.Bd3 O-O 6.Nc3 Nbd7 7.O-O
c5 8.dxc5 Nxc5 9.Qd2 Nxd3 10.cxd3 Ng4 11.Rad1 Nxe3 12.Qxe3 b6
13.d4 Bb7 14.e5 Bxf3 15.Qxf3 dxe5 16.dxe5 Qb8 17.Nd5 Qxe5 18.Qc3
Qxc3 19.Nxe7+ Kh8 20.bxc3 Bxc3 21.Rd7 b5 22.Nc6 a5 23.Rb1 b4
24.Kf1 Kg7 25.Ke2 Ra6 26.Ne7 Re8 27.Kd3 Re6 28.Nd5 Re2 29.Nxc3
bxc3 30.Kxc3 Rxa2 31.Rbb7 Rxf2 32.Ra7 Re5 33.Kd4 Ref5 34.g4 R5f3
35.Rxa5 Rxh2 36.Ke4 Rf1 37.Ke5 Re2+ 38.Kd6 Rd1+ 39.Rd5 Rxd5+
40.Kxd5 Rd2+ 41.Kc6 Rxd7 42.Kxd7 Kf6 43.Kd6 Kg5 44.Ke7 Kxg4 45.Kxf7
g5 46.Kg7 h5 47.Kg6 h4 48.Kf6 h3 49.Kg6 h2 50.Kh6 h1Q+ 51.Kg7
Qc6 52.Kf7 Kf5 53.Kf8 Qd7 54.Kg8 Kg6 55.Kh8 Qc8# 0-1

[Event "Washington Open Championship"]
[Site "Lynnwood, WA"]
[Date "2015.05.23"]
[Round "2"]
[White "Mathews Daniel  (WA)"]
[Black "Chin Eugene  (WA)"]
[Result "0-1"]
[WhiteElo "1691"]
[BlackElo "1513"]
[Annotator ""]
[Source ""]
[Remark "Reserve"]

1.e4 e6 2.d4 d5 3.exd5 exd5 4.Be2 Bd6 5.Bf3 c6 6.Ne2 Ne7 7.Bf4
Bf5 8.Bxd6 Qxd6 9.c3 Nd7 10.Nd2 O-O 11.O-O Nf6 12.Ng3 Bg6 13.Re1
Rfe8 14.Ndf1 Nf5 15.Nxf5 Bxf5 16.Ng3 Rxe1+ 17.Qxe1 Bg6 18.Qd2
Re8 19.Re1 Ne4 20.Bxe4 dxe4 21.Ne2 f5 22.Qf4 Qxf4 23.Nxf4 Bf7
24.a3 g5 25.Ne2 f4 26.Nc1 Kg7 27.f3 exf3 28.Rxe8 Bxe8 29.gxf3
Bg6 30.Nb3 b6 31.Kf2 Kf6 32.Ke2 h5 33.Nd2 Ke6 34.Nc4 Kd5 35.Ne5
Bf5 36.b4 c5 37.bxc5 bxc5 38.Nf7 cxd4 39.cxd4 g4 40.fxg4 hxg4
41.Ne5 a5 42.a4 Kxd4 43.Nc6+ Kc5 44.Ne7 Bd7 45.Kd3 Bxa4 46.Nf5
Bd7 47.Nd4 f3 48.Ke3 Bf5 49.Nb3+ Kb4 50.Nxa5 Kxa5 51.h3 Kb6 52.hxg4
Bxg4 53.Kf2 Kc5 54.Kg3 Kd4 55.Kf2 Kd3 56.Kf1 Ke3 57.Kg1 f2+ 0-1